名前に「福」がつく駅 - Statistics

General Stats
  • This quiz has been taken 53 times
  • The average score is 36 of 75
Answer Stats
Hint Answer % Correct
福島市 福島
100%
大阪市 福島
100%
大阪市 福島
100%
大阪市
100%
高岡市 福岡
94%
福井市 福井
94%
倉敷市 福井
94%
福山市 福山
94%
福生市 福生
91%
福知山市 福知山
89%
福島市 東福島
86%
福崎町 福崎
86%
福島市 南福島
83%
福山市 東福山
83%
福生市 東福生
80%
福津市 福間
74%
ふじみ野市 上福岡
71%
大阪市 新福島
69%
福岡市 西鉄福岡(天神)
66%
杉並区 永福町
60%
福井市 新福井
60%
桜井市 大福
60%
福岡市 福岡空港
60%
笠間市 福原
57%
杉並区 西永福
57%
東金市 福俵
54%
木曽町 木曽福島
54%
福津市 東福間
54%
福井市 福井駅
51%
福岡市 南福岡
51%
福岡市 福大前
51%
周南市 福川
49%
福岡市 福工大前
49%
札幌市 福住
40%
足利市 福居
40%
福井市 福井口
40%
福井市 福大前西福井
40%
西尾市 福地
40%
鳥取市 福部
40%
仙台市 福田町
37%
南砺市 福光
37%
南砺市 福野
37%
郡上市 福野
37%
横浜市 福浦
34%
福井市 福井城址大名町
34%
福知山市 福知山市民病院口
34%
赤穂市 備前福河
34%
岡山市 福渡
34%
福島市 福島学院前
31%
京都市 東福寺
31%
大淀町 福神
31%
下関市 福江
31%
久留米市 津福
31%
串間市 福島高松
31%
甘楽町 上州福島
29%
美祢市 於福
26%
串間市 福島今町
26%
仙台市 東北福祉大前
23%
島田市 福用
23%
大田市 石見福光
23%
広島市 福島町
23%
阿南市 阿波福井
23%
駒ヶ根市 伊那福岡
20%
山口市 地福
20%
糸島市 福吉
20%
伊万里市 福島口
20%
あさぎり町 おかどめ幸福
20%
佐用町 平福
17%
松浦市 今福
17%
大阪市 今福鶴見
14%
霧島市 中福良
14%
富山市 トヨタモビリティ富山Gスクエア五福前
14%
松山市 福音寺
9%
長崎市 崇福寺
9%
佐世保市 泉福寺
9%
No matching quizzes found
Score Distribution
Percent of People with Each Score
Percentile by Number Answered
Your Score History
You have not taken this quiz